Lịch sử 8 Sách giáo viên
Đã lưu trong:
| 主要作者: | |
|---|---|
| 其他作者: | |
| 格式: | 圖書 |
| 語言: | Undetermined |
| 出版: |
H.
Giáo dục
2008
|
| 主題: | |
| 在線閱讀: | http://lrc.tdmu.edu.vn/opac/search/detail.asp?aID=2&ID=4982 |
| 標簽: |
添加標簽
沒有標簽, 成為第一個標記此記錄!
|
| Thư viện lưu trữ: | Trung tâm Học liệu Trường Đại học Thủ Dầu Một |
|---|
| LEADER | 00674nam a2200217Ia 4500 | ||
|---|---|---|---|
| 001 | TDMU_4982 | ||
| 008 | 210410s9999 xx 000 0 und d | ||
| 082 | |a 373.23689 072 | ||
| 090 | |b PH105 | ||
| 100 | |a Phan, Ngọc Liên | ||
| 245 | 0 | |a Lịch sử 8 | |
| 245 | 0 | |b Sách giáo viên | |
| 245 | 0 | |c Phan Ngọc Liên | |
| 260 | |a H. | ||
| 260 | |b Giáo dục | ||
| 260 | |c 2008 | ||
| 300 | |a 232tr | ||
| 650 | |a Lịch sử |x Dạy và học; Sách lớp 8 |v Giáo viên | ||
| 700 | |a Nguyễn, Hữu Trí | ||
| 856 | |u http://lrc.tdmu.edu.vn/opac/search/detail.asp?aID=2&ID=4982 | ||
| 980 | |a Trung tâm Học liệu Trường Đại học Thủ Dầu Một | ||